Szczegóły MARC
| 000 -Nagłówek |
| fixed length control field |
02708cam a2200589 i 4500 |
| 001 - Nr kontrolny bibl., która utworzyła rek. |
| control field |
xx004660116 |
| 003 - Siglum bibl., której nr kontr. jest w 001 |
| control field |
NUKAT |
| 005 - Data i czas ostatniej operacji |
| control field |
20260402135617.0 |
| 008 - Elementy pola stałej długości |
| fixed length control field |
190709s2019 pl a |001 0 pol c |
| 020 ## - ISBN |
| ISBN |
9788380985964 |
| dopowiedzenie |
(oprawa twarda) : |
| warunki dostępności |
zł 50,00 |
| 035 ## - Systemowy numer kontrolny |
| systemowy numer kontrolny |
(OCoLC)1111747593 |
| 035 ## - Systemowy numer kontrolny |
| systemowy numer kontrolny |
(NUKAT)xx004660116 |
| 040 ## - Instytucja sporządzająca opis |
| Instytucja, która sporządziła opis |
WR U/ewg |
| język katalgowania-trzyzn. kod |
pol |
| zasady opisu |
rda |
| Instytucja, która sporządziła rekord |
WR U/ewgs |
| Instytucja, która zmodyfikowała rekord |
WR U/mw |
| -- |
POZN U/EMs |
| -- |
WR O/MMt |
| -- |
WA 14/ABs |
| -- |
OLSZT 008/bak |
| 041 0# - Kod nazwy języka dokumentu |
| Język tekstu |
pol |
| Język streszczeń |
eng |
| 045 2# - Okres czasu dla zawartości |
| czas między r. 9999 pne a nasz. czas. |
d1962 |
| -- |
d1978 |
| 046 ## - Kod rodz. daty, data1, data2 (daty pne) |
| Begin/single date |
2019 |
| 100 1# - Hasło główne-nazwa osobowa |
| Nazwa osobowa |
Bułhak, Władysław |
| Daty biograficzne |
(1965- ). |
| rodzaj współpracy |
Autor |
| 9 (RLIN) |
12034 |
| 245 10 - Tytuł właściwy i oznaczenie odpow. |
| tytuł |
Wywiad PRL a Watykan 1962-1978 / |
| dod. inf. ze s. tyt./ozn. odpow. |
Władysław Bułhak ; Instytut Pamięci Narodowej. Komisja Ścigania Zbrodni przeciwko Narodowi Polskiemu. |
| 260 ## - Adres wydawniczy |
| miejsce wydania, dystrybucji itp. |
Warszawa : |
| nazwa wydawcy, dystrybutora itp. |
Instytut Pamięci Narodowej. Komisja Ścigania Zbrodni przeciwko Narodowi Polskiemu, |
| data wydania, dystrybucji itp. |
2019. |
| 300 ## - Opis fizyczny |
| objętość i/lub forma materiału |
839, [1] strona : |
| inne szczegóły opisu fizycznego |
ilustracje ; |
| format |
25 cm. |
| 336 ## - Content Type |
| Term |
Tekst |
| Code |
txt |
| Source |
rdacontent |
| 337 ## - Media Type |
| Term |
Bez urządzenia pośredniczącego |
| Code |
n |
| Source |
rdamedia |
| 338 ## - Carrier Type |
| Term |
Wolumin |
| Code |
nc |
| Source |
rdacarrier |
| 380 ## - Form of work |
| Form of work |
Książki |
| 380 ## - Form of work |
| Form of work |
Publikacje naukowe |
| 388 1# - TIME PERIOD OF CREATION |
| Time period of creation term |
2001- |
| 490 1# - Tytuł serii i ks. wielotom.-nie do wysz. |
| oznaczenie serii |
Centralny Projekt Badawczy IPN - Struktury i Metody Działania Aparatu Bezpieczeństwa w Polsce 1944-1989/90 |
| 504 ## - Uwaga o bibliografii |
| uwaga o bibliografii |
Bibliografia na stronach 776-804. Indeks. |
| 546 ## - Uwaga o języku opisywanego materiału |
| uwaga o języku |
Streszczenie w języku angielskim. |
| 610 27 - Hasło przedmiotowe-nazwa ciała zbior. |
| nazwa ciała zbior. lub geogr. |
Departament I (Ministerstwo Spraw Wewnętrznych ; 1954-1996) |
| źródło hasła |
DBN |
| 9 (RLIN) |
39433 |
| 610 27 - Hasło przedmiotowe-nazwa ciała zbior. |
| nazwa ciała zbior. lub geogr. |
Kościół katolicki |
| źródło hasła |
DBN |
| 9 (RLIN) |
37102 |
| 610 17 - Hasło przedmiotowe-nazwa ciała zbior. |
| nazwa ciała zbior. lub geogr. |
Polska. |
| nazwa jednostki podrzędnej |
Ministerstwo Spraw Wewnętrznych (1954-1996). |
| źródło hasła |
kaba |
| 9 (RLIN) |
39148 |
| 648 #7 - SUBJECT ADDED ENTRY--CHRONOLOGICAL TERM |
| Chronological term |
1901-2000 |
| Source of heading or term |
DBN |
| 9 (RLIN) |
34996 |
| 648 #7 - SUBJECT ADDED ENTRY--CHRONOLOGICAL TERM |
| Chronological term |
1945-1989 |
| Source of heading or term |
DBN |
| 9 (RLIN) |
36043 |
| 650 #7 - Hasło przedmiotowe-nazwa pospolita |
| nazwa pospolita lub geogr. |
Czynności operacyjne |
| źródło hasła |
DBN |
| 9 (RLIN) |
39434 |
| 650 #7 - Hasło przedmiotowe-nazwa pospolita |
| nazwa pospolita lub geogr. |
PRL |
| źródło hasła |
DBN |
| 9 (RLIN) |
35084 |
| 650 #7 - Hasło przedmiotowe-nazwa pospolita |
| nazwa pospolita lub geogr. |
Tajni współpracownicy służb specjalnych |
| źródło hasła |
DBN |
| 9 (RLIN) |
39435 |
| 650 #7 - Hasło przedmiotowe-nazwa pospolita |
| nazwa pospolita lub geogr. |
Wywiad polski |
| źródło hasła |
DBN |
| 9 (RLIN) |
39436 |
| 650 #7 - Hasło przedmiotowe-nazwa pospolita |
| nazwa pospolita lub geogr. |
Kościół i państwo |
| określnik geograficzny |
Polska |
| określnik chronologiczny |
1945-1990. |
| źródło hasła |
kaba |
| 9 (RLIN) |
39437 |
| 650 #7 - Hasło przedmiotowe-nazwa pospolita |
| nazwa pospolita lub geogr. |
Kościół katolicki |
| określnik rzeczowy |
stosunki zagraniczne |
| określnik geograficzny |
Polska |
| określnik chronologiczny |
1945-1990. |
| źródło hasła |
kaba |
| 9 (RLIN) |
39438 |
| 650 #7 - Hasło przedmiotowe-nazwa pospolita |
| nazwa pospolita lub geogr. |
Kościół katolicki |
| określnik geograficzny |
Polska |
| określnik chronologiczny |
1945-1990. |
| źródło hasła |
kaba |
| 9 (RLIN) |
39439 |
| 650 #7 - Hasło przedmiotowe-nazwa pospolita |
| nazwa pospolita lub geogr. |
Służby wywiadowcze |
| określnik geograficzny |
Polska |
| określnik chronologiczny |
1945-1990. |
| źródło hasła |
kaba |
| 9 (RLIN) |
39440 |
| 651 #7 - Hasło przedmiotowe-nazwa geogr. |
| nazwa geograficzna |
Watykan |
| źródło hasła |
DBN |
| 9 (RLIN) |
39441 |
| 651 #7 - Hasło przedmiotowe-nazwa geogr. |
| nazwa geograficzna |
Polska |
| określnik rzeczowy |
stosunki zagraniczne |
| -- |
Kościół katolicki |
| określnik chronologiczny |
1945-1990. |
| źródło hasła |
kaba |
| 9 (RLIN) |
39442 |
| 655 #7 - Termin określający rodzaj/formę |
| rodzaj/forma |
Monografia |
| źródło terminu |
DBN |
| 9 (RLIN) |
35240 |
| 658 ## - Nazwa określająca cel programu nauczania |
| główny cel programu nauczania |
Bezpieczeństwo i wojskowość |
| 658 ## - Nazwa określająca cel programu nauczania |
| główny cel programu nauczania |
Historia |
| 710 2# - Hasło dodatkowe - nazwa ciała zbior. |
| nazwa ciała zbior. lub nazwa geogr. |
Instytut Pamięci Narodowej - Komisja Ścigania Zbrodni przeciwko Narodowi Polskiemu. |
| rodzaj współpracy |
Instytucja sprawcza |
| -- |
Wydawca |
| kod rodzaju współpracy |
pbl |
| 9 (RLIN) |
11792 |
| 830 #0 - Hasło dod. serii i op. ks. wielotom. -tyt |
| tytuł |
Struktury i Metody Działania Aparatu Bezpieczeństwa w Polsce 1944-1989/90 |
| 9 (RLIN) |
39468 |
| 920 ## - ISBN |
| ISBN |
978-83-8098-596-4 (oprawa twarda) : zł 50,00 |
| 942 ## - ADDED ENTRY ELEMENTS (KOHA) |
| Source of classification or shelving scheme |
Dewey Decimal Classification |
| Koha item type |
pozycje dostępne na miejscu |